Movies Quiz

Random Movies or TV Show Quiz
Score 0/18 Timer 04:00
0 Plays Today
Number Movie or TV Show % Correct
9Batman
84.5%
13Transformers
70.6%
7The A-Team
69.1%
8The Dukes of Hazzard
67.5%
6Ghostbusters
66.4%
15Star Wars
66.4%
3Knight Rider
60.8%
14Back to the Future
47.9%
12G.I. Joe
41.1%
Number Movie or TV Show % Correct
11The Blues Brothers
40.8%
10E.T. the Extra-Terrestrial
29.8%
5CHiPs
29.4%
1Voltron
22.6%
4National Lampoon's Vacation
20%
18Mad Max
19.6%
2Ferris Bueller's Day Off
19.2%
17TRON
15.8%
16The Fall Guy
7.5%
Remove Ads.
Support Sporcle.
Get the best of Sporcle when you Go Orange. This ad-free experience offers more features, more stats, and more fun while also helping to support Sporcle. Thank you for becoming a member.

You're not logged in!

Compare scores with friends on all Sporcle quizzes.
OR
Log In

Show Comments

Extras

Top Quizzes Today


Score Distribution

Your Account Isn't Verified!

In order to create a playlist on Sporcle, you need to verify the email address you used during registration. Go to your Sporcle Settings to finish the process.

Report this User

Report this user for behavior that violates our Community Guidelines.

Details: